A Course Module for Teaching Learners with Development Disabilities (Record no. 88234)

MARC details
000 -LEADER
fixed length control field 00756nam a22002537a 4500
003 - CONTROL NUMBER IDENTIFIER
control field URS
005 - DATE AND TIME OF LATEST TRANSACTION
control field 20251022142528.0
008 - FIXED-LENGTH DATA ELEMENTS--GENERAL INFORMATION
fixed length control field 251006b ||||| |||| 00| 0 eng d
020 ## - INTERNATIONAL STANDARD BOOK NUMBER
International Standard Book Number 978-621-04-2167-5
040 ## - CATALOGING SOURCE
Transcribing agency URS
050 ## - LIBRARY OF CONGRESS CALL NUMBER
Classification number LC4818
Item number .C8615 2021
100 ## - MAIN ENTRY--PERSONAL NAME
Personal name Manuel, Sheena Jade G.
245 ## - TITLE STATEMENT
Title A Course Module for Teaching Learners with Development Disabilities
264 ## - PRODUCTION, PUBLICATION, DISTRIBUTION, MANUFACTURE, AND COPYRIGHT NOTICE
Place of production, publication, distribution, manufacture Quezon City
Name of producer, publisher, distributor, manufacturer REX Book Store
Date of production, publication, distribution, manufacture, or copyright notice ©2021
300 ## - PHYSICAL DESCRIPTION
Extent 228 pages.,:
Dimensions 25 cm.
336 ## - CONTENT TYPE
Source rdacontent
Content type term text
337 ## - MEDIA TYPE
Source rdamedia
Media type term unmediated
338 ## - CARRIER TYPE
Source rdacarrier
Carrier type term volume
650 #0 - SUBJECT ADDED ENTRY--TOPICAL TERM
Topical term or geographic name entry element Learning disabled children
General subdivision Edcucation
650 #0 - SUBJECT ADDED ENTRY--TOPICAL TERM
Topical term or geographic name entry element Special education
700 ## - ADDED ENTRY--PERSONAL NAME
Personal name Villapando-Buhat, Tina Amor
700 ## - ADDED ENTRY--PERSONAL NAME
Personal name Roncales-Tecson, Armida
942 ## - ADDED ENTRY ELEMENTS (KOHA)
Source of classification or shelving scheme Library of Congress Classification
Koha item type Filipiniana
Holdings
Withdrawn status Source of classification or shelving scheme Damaged status Not for loan Collection code Home library Current library Date acquired Total Checkouts Full call number Barcode Date last seen Copy number Price effective from Koha item type
  Library of Congress Classification     Non-fiction Morong College Library Morong College Library 10/06/2025   LC4818 .C8615 2021 URSMOR-CL-30587 10/06/2025 1 10/06/2025 Filipiniana
  Library of Congress Classification     Non-fiction Morong College Library Morong College Library 10/06/2025   LC4818 .C8615 2021 URSMOR-CL-30588 10/06/2025 2 10/06/2025 Filipiniana
  Library of Congress Classification     Non-fiction Morong College Library Morong College Library 10/06/2025   LC4818 .C8615 2021 URSMOR-CL-30589 10/06/2025 3 10/06/2025 Filipiniana
  Library of Congress Classification     Non-fiction Morong College Library Morong College Library 10/06/2025   LC4818 .C8615 2021 URSMOR-CL-30590 10/06/2025 4 10/06/2025 Filipiniana
  Library of Congress Classification     Non-fiction Morong College Library Morong College Library 10/06/2025   LC4818 .C8615 2021 URSMOR-CL-30591 10/06/2025 5 10/06/2025 Filipiniana

University of Rizal System
Email us at univlibservices@urs.edu.ph

Visit our Website www.urs.edu.ph/library